British Logo Quiz! #5 - Statistics

General Stats
  • This quiz has been taken 58 times
  • The average score is 11 of 24
Answer Stats
Picture Answer % Correct
Comfort
79%
Meccano
75%
Fisherman's Friend
71%
Galaxy
71%
Manchester City
67%
Boots
63%
Costa Coffee
63%
Daily Mail
63%
Everton
63%
Pepe Jeans
63%
Penguin
54%
Grants
52%
Natwest
52%
Marshall
48%
Vivienne Westwood
48%
Lush
44%
Strepsils
29%
YMCA
27%
Daimler
25%
Liveleak
25%
Prudential
23%
Philip Morris
17%
Kay Jewelers
15%
Last.fm
15%
No matching quizzes found
Score Distribution
Percent of People with Each Score
Percentile by Number Answered
Your Score History
You have not taken this quiz